| 000 | 00774nam a22002531 4500 | ||
|---|---|---|---|
| 001 | 4375 | ||
| 003 | BD-RjUL | ||
| 005 | 20211208233900.0 | ||
| 008 | 131222r1968 onc 001 0 eng | ||
| 035 | _a(BD-RjUL)4410 | ||
| 040 |
_aDLC _cDLC _dBD-RjUL _beng |
||
| 041 | _aeng | ||
| 082 | 0 | 0 |
_a659.10971 _bFIE |
| 100 | 1 |
_aFirestone, O. J. _913836 |
|
| 245 | 1 | 4 |
_aThe economic implications of advertising / _cO. J. Firestone, Commissioned by the Institute of Canadian Advertising. |
| 260 |
_aToronto : _bMethuen, _cc1967[reprinting 1968]. |
||
| 300 |
_axiii, 210 p. _c17 cm. |
||
| 504 | _aIncludes index. | ||
| 650 | 0 |
_aAdvertising _zCanada. _913837 |
|
| 710 | 2 |
_aInstitute of Canadian Advertising. _913838 |
|
| 942 |
_2ddc _cBK |
||
| 999 |
_c4375 _d4375 |
||